000 01217namaa22003131i 4500
005 20260505111547.0
008 260414s1995 ua a|||frm||| 000 0 eng d
040 _aEG-GICUC
_beng
_cEG-GICUC
_dEG-GICUC
_erda
041 0 _aeng
_beng
_bara
049 _aDeposit
097 _aM.Sc
099 _aCai01.11.01.M.Sc.1995.Wa.D.
100 0 _aWael Ali Allah Nada,
_epreparation.
245 1 0 _aDermatologic Surgery And Local Anaesthesia /
_cBy Weal Ali Allah Nada; Supervisors Prof. Dr. Abdel Mageed Taha, Dr. Maher Fawzi Mahmoud.
246 1 5 _aجراحة الجلد والتخدير الموضعى
264 0 _c1995.
300 _a179 Leaves :
_billustrations ;
_c30 cm. +
336 _2rda content
_atext
337 _2rdamedia
_aUnmediated
338 _2rdacarrier
_avolume
502 _aThesis (M.Sc.)-Cairo University, 1995.
504 _aBibliography: pages 153-179.
653 0 _aAnaeshesiology
700 0 _aAbdel Mageed Taha
_ethesis advisor.
700 0 _aMaher Fawzi Mahmoud
_ethesis advisor.
900 _DDepartment of Anaeshesiology
_FFaculty of Medicine
_UCairo University
_b1995
_cAbdel Mageed Taha
_cMaher Fawzi Mahmoud
905 _aEman El gebaly
_eNourhan
942 _2ddc
_cTH
_e21
_n0
999 _c179459